00665nam a2200205Ia 4500020001500000040000800015082002600023100001500049245003700064260007500101300003600176490003300212500002700245650002800272650002800300650002800328700001800356700002500374710006000399 a9251030502 cDJB a664 FOO 1991 A049 Or.1 aMalik, Raj10aManuals of food quality control. aRome :bFood and Agriculture Organization of the United Nations,c1991 a[viii], 139 p. :bill. ;c30 cm1 aFAO food and nutrition paper aAuthors from p. [viii] 0aFood industry and trade 0aFood industry and trade 0aFood industry and trade10aHammer, Kevin10aWhitehead, Anthony J20aFood and Agriculture Organization of the United Nations